उड़न छू पालना / (Record no. 54908)

MARC details
000 -LEADER
fixed length control field 02317nam a22003137a 4500
005 - DATE AND TIME OF LATEST TRANSACTION
control field 20110805102146.0
010 ## - LCCN (DPL NO)
LC control number B-436068-072
020 ## - INTERNATIONAL STANDARD BOOK NUMBER
Terms of availability 25.00
International Standard Book Number 9788184790849
035 ## - SYSTEM CONTROL NUMBER
System control number B-436068-072
037 ## - SOURCE OF ACQUISITION
Source of stock number/acquisition ब्लयूबेरी बुक्स
082 ## - DEWEY DECIMAL CLASSIFICATION NUMBER
Classification number
100 ## - MAIN ENTRY--PERSONAL NAME
Personal name श्रीदला स्वामी
245 ## - TITLE STATEMENT
Title उड़न छू पालना /
Statement of responsibility, etc श्रीदला स्वामी; संजय सरकार द्वारा चित्रांकित ;मनीषा चौधरी द्वारा अनुदित
246 ## - VARYING FORM OF TITLE
Title proper/short title Udan chhoo palana
Remainder of title by Sridala Swami
260 ## - PUBLICATION, DISTRIBUTION, ETC. (IMPRINT)
Place of publication, distribution, etc नई दिल्ली
Name of publisher, distributor, etc प्रथम बुक्स
Date of publication, distribution, etc 2009
270 ## - ADDRESS
City नई दिल्ली
Telephone number 011-65684113
Fax number
Electronic mail address www.prathambooks.org
300 ## - PHYSICAL DESCRIPTION
Extent 12पृ.;
Dimensions 28सेमी (अजिल्द)
Other physical details सचित्र
490 ## - SERIES STATEMENT
Series statement
-- 31996
500 ## - GENERAL NOTE
General note
700 ## - ADDED ENTRY--PERSONAL NAME
Personal name सरकार, संजय
9 (RLIN) 31407
700 ## - ADDED ENTRY--PERSONAL NAME
Personal name चौधरी, मनीषा
9 (RLIN) 31414
942 ## - ADDED ENTRY ELEMENTS (KOHA)
Source of classification or shelving scheme Dewey Decimal Classification
Item type Children Books
Call number suffix श्रीदला
Classification part
Holdings
Withdrawn status Lost status Not for loan Collection code Home library Current library Date acquired Source of acquisition Cost, normal purchase price Full call number Barcode Copy number Cost, replacement price Koha item type
      Fiction Bawana Bawana 09/08/2011 ब्ल्यू बेरी/6364/25.3.2011/83/21.3.11/31.3.11 25.00 क श्रीदला B-436071 1 25.00 Children Books
      Fiction Central Library Central Library 09/08/2011 ब्ल्यू बेरी/6364/25.3.2011/83/21.3.11/31.3.11 25.00 क श्रीदला B-436068 1 25.00 Children Books
  Written-off vide DLB M. No. 383 dt 16.05.19   Fiction Patel Nagar Patel Nagar 09/08/2011 ब्ल्यू बेरी/6364/25.3.2011/83/21.3.11/31.3.11 25.00 क श्रीदला B-436069 1 25.00 Children Books
      Fiction Sarojini Nagar Sarojini Nagar 09/08/2011 ब्ल्यू बेरी/6364/25.3.2011/83/21.3.11/31.3.11 25.00 क श्रीदला B-436070 1 25.00 Children Books
      Fiction Shahdara Branch Shahdara Branch 09/08/2011 ब्ल्यू बेरी/6364/25.3.2011/83/21.3.11/31.3.11 25.00 क श्रीदला B-436072 1 25.00 Children Books

© Delhi Public Library
Hit Counter
free hit counter